Tranformaciones sociales y acciones colectivas: América Latina en el contexto internacional de los noventa
Gorde:
| Erakunde egilea: | |
|---|---|
| Formatua: | Texto |
| Argitaratua: |
El Colegio de Mexico
|
| Gaiak: | |
| Etiketak: |
Etiketa erantsi
Etiketarik gabe, Izan zaitez lehena erregistro honi etiketa jartzen!
|
MARC
| LEADER | 00000 a a2200000 04500 | ||
|---|---|---|---|
| 001 | 31502 | ||
| 003 | |||
| 040 | |||
| 020 | |a 968-12-0583-9 | ||
| 090 | |a 197802 | ||
| 110 | |a El Colegio de Mexico | ||
| 245 | |a Tranformaciones sociales y acciones colectivas: América Latina en el contexto internacional de los noventa | ||
| 260 | |a El Colegio de Mexico | ||
| 650 | |a DEMOCRACIA | ||
| 650 | |a MOVIMIENTOS SOCIALES | ||
| 650 | |a ACCION COLECTIVA | ||
| 650 | |a CAMBIO SOCIAL | ||
| 650 | |a GRUPOS POPULARES | ||
| 650 | |a MOVIMIENTO DE MUJERES | ||
| 650 | |a MOVIMIENTOS OBREROS | ||
| 650 | |a SINDICATOS | ||
| 650 | |a MARCO INSTITUCIONAL | ||
| 650 | |a COMPORTAMIENTO POLITICO | ||
| 999 | |c 8001 |d 8001 | ||



